000 00294nam a22001337a 4500
008 170608b xxu||||| |||| 00| 0 eng d
020 _a08827079
041 _aeng
080 _a32
100 _a18
101 _aSHP
245 _aGERMAN POLITICS AND SOCIETY
_cMARKOVITS,A.S
942 _2udc
_cBK
999 _c16419
_d16419